000 00579nam a2200217Ia 4500
003 OSt
005 20220928145715.0
006 a|||||r|||| 00| 0
007 ta
008 220927b |||||||| |||| 00| 0 eng d
024 _a82289
037 _cTextual
040 _aSDCL
_cSDCL
_beng
041 _2eng
_aeng
082 _aX:8M6, L8
100 _aDrain Robert H
_9514292
245 0 _aSuccessful
_bConference and convention planning.
700 _a Oakley Neil
_9514293
942 _hX:8M6, L8
_cTEXL
_2CC
999 _c835011
_d835011